000 00407pab a2200169 454500
008 180718b1996 xxu||||| |||| 00| 0 eng d
100 _aVerma, Sanjeev
245 _aDemocracy besieged by steaze
260 _c1996
300 _ap.8
362 _a22 Jul
650 _aIndia - Politics and government
650 _aDemocracy
650 _aPolitics and government
773 _aTribune
909 _a33188
999 _c33188
_d33188